LEADER 01322nam a2200313 u 4500 001 000000029250 003 CaOOAMICUS 005 20070226111908.0 008 970218s1996 it u000 u ita u 020 $a8885227791 035 $a10752364 040 $aIPA$bita$dPUL(R) 100 1 $aMirri, Luciana.$0(OLS)http://pul/name/23672 245 13$aLa dolcezza nella lotta :$bdonne e ascesi secondo Girolamo /$cLuciana Mirri. 260 $aMagnano (BI) :$bEdizioni Qiqajon,$c1996. 300 $a396 p. ;$c21 cm 490 1 $aSpiritualitą occidentale 504 $aBibliografia: p. 381-393. 600 04$aHieronymus,$cs.,$d342/347-419.$0(OLS)http://pul/subject/3532 650 4$aVita monastica e religiosa$yEvo antico.$0(OLS)http://pul/subject/8531 830 0$aSpiritualitą occidentale.$0(OLS)http://pul/title/40018 850 $aPUL 852 $aPUL$W1$xSL Religione 1$y3$m42 I 2$j40514$nBK-PRI$b $qStampati$B40514$CPULBib$Z2$F40514 $H $81 941 1 $a8 960 $aGirolamo,$cs.,$d342/347-419$93532 961 $aINV: 75653 996 $6020$a8885227791$9(OLS)http://pul/number/36543 996 $6245$aLa dolcezza nella lotta :$bdonne e ascesi secondo Girolamo$9(OLS)http://pul/title/40017 996 $6260$aMagnano (BI) :$bEdizioni Qiqajon$9(OLS)http://pul/publisher/60310 LEADER 01177nam a2200289 a 4500 001 000000140659 003 CaOOAMICUS 005 20141128143441.0 008 141128s1982 it u000 u ita r 040 $aPUL$bita 100 1 $aLe Goff, Jacques,$d1924-2014.$0(OLS)http://pul/name/469 245 10$aIntervista sulla storia /$cJacques Le Goff ; a cura di Francesco Maiello. 260 $aRoma :$bLaterza,$c1975. 300 $a124 p.$c18 cm 490 1 $aSaggi tascabili Laterza ;$v17 650 4$aStoria$xFilosofia.$0(OLS)http://pul/subject/497 650 4$aStoria$xStudio e insegnamento.$0(OLS)http://pul/subject/3477 700 1 $aMaiello, Francesco.$0(OLS)http://pul/name/44752 830 0$aSaggi tascabili Laterza ;$v86.$0(OLS)http://pul/title/33436 850 $aPUL 852 $aPUL$W1$xDP1 Fondo Capitani$y116$m1 B 26$j22809$qFondi$B162011$CPULBib$Z2$F162011 $HCap896 $82 941 1 $a1 960 $aFilosofia della storia$9497 961 $aNota ms. di possesso : Capitani. 996 $6245$aIntervista sulla storia$9(OLS)http://pul/title/178009 996 $6260$aRoma :$bLaterza$9(OLS)http://pul/publisher/47864